Normal view
MARC view
- Bignell & Donovan
Entry Personal Name
001 - CONTROL NUMBER
- control field: 187135
003 - CONTROL NUMBER IDENTIFIER
- control field: OSt
005 - DATE AND TIME OF LATEST TRANSACTION
- control field: 20230714210327.0
008 - FIXED-LENGTH DATA ELEMENTS
- fixed length control field: 230714|| aca||aabn | a|a d
040 ## - CATALOGING SOURCE
- Original cataloging agency: OSt
- Transcribing agency: OSt
100 ## - HEADING--PERSONAL NAME
- Personal name: Bignell & Donovan
670 ## - SOURCE DATA FOUND
- Source citation: Work cat.: (OSt)177256: Bignell 134845, Digital Electronics, 2000